| 000 | 00399pab a2200145 454500 | ||
|---|---|---|---|
| 008 | 180718b2011 xxu||||| |||| 00| 0 eng d | ||
| 100 | _aJohnson, Healther L. | ||
| 245 | _aClick to donate: Visual images, constructing victims and imagining the female refugee | ||
| 260 | _c2011 | ||
| 300 | _ap.1015-1037. | ||
| 650 | _aRefugees | ||
| 773 | _aThird World Quarterly | ||
| 908 | _aN | ||
| 909 | _a92559 | ||
| 999 |
_c92559 _d92559 |
||